[Event "POL-chT 69th"]
[Site "Poland"]
[Date "2013.09.14"]
[Round "7.2"]
[White "Szczechowicz, Bartosz"]
[Black "Krysztofiak, Marcin"]
[Result "1/2-1/2"]
[WhiteElo "2279"]
[BlackElo "2435"]
[PlyCount "80"]
[EventDate "2013.05.24"]
[EventType "team-tourn"]
[EventRounds "9"]
[EventCountry "POL"]
[SourceTitle "EXT 2014"]
[Source "ChessBase"]
[SourceDate "2013.11.20"]
[SourceVersion "1"]
[SourceVersionDate "2013.11.20"]
[SourceQuality "1"]
[WhiteTeam "Krakow TKKF Drogowiec"]
[BlackTeam "Znin Baszta"]
[WhiteTeamCountry "POL"]
[BlackTeamCountry "POL"]

1. d4 Nf6 2. c4 e6 3. Nf3 d5 4. Nc3 Be7 5. Bg5 h6 6. Bh4 0-0 7. e3 b6 8. cxd5 exd5 9. Bd3 Bb7 10. 0-0 Ne4 11. Bxe7 Qxe7 12. Qb3 Nxc3 13. Qxc3 c5 14. dxc5 bxc5 15. Rac1 Rc8 16. Qe5 Qxe5 17. Nxe5 Nc6 18. Nxc6 Rxc6 19. Rfd1 c4 20. Be2 Rb6 21. Rd2 Rb8 22. e4 Ba6 23. exd5 Rxb2 24. Rxb2 Rxb2 25. Kf1 Rxa2 26. Bxc4 Bxc4+ 27. Rxc4 Rd2 28. Rc8+ Kh7 29. Ra8 Rxd5 30. Rxa7 Kg6 31. g3 f6 32. h4 h5 33. Kg2 Rc5 34. Rb7 Rd5 35. Ra7 Rc5 36. Rb7 Rd5 37. Ra7 Rc5 38. Rb7 Rd5 39. Ra7 Rc5 40. Rb7 Rd5 1/2-1/2

[Event "POL-chT 1st League"]
[Site "Poronin"]
[Date "2012.09.??"]
[Round "1"]
[White "Majcher, Marcin"]
[Black "Szczechowicz, Bartosz"]
[Result "1/2-1/2"]
[WhiteElo "2198"]
[BlackElo "2291"]
[PlyCount "80"]
[EventDate "2012.09.01"]
[EventType "team-tourn"]
[EventRounds "9"]
[EventCountry "POL"]
[SourceTitle "EXT 2013"]
[Source "ChessBase"]
[SourceDate "2012.11.22"]
[SourceVersion "1"]
[SourceVersionDate "2012.11.22"]
[SourceQuality "1"]
[WhiteTeam "Gliwice Politechnika Slaska"]
[BlackTeam "Krakow TKKF Drogowiec"]
[WhiteTeamCountry "POL"]
[BlackTeamCountry "POL"]

1. e4 c5 2. Nc3 Nc6 3. Nge2 e5 4. Nd5 Nge7 5. Nec3 Nxd5 6. Nxd5 Be7 7. Bc4 0-0 8. 0-0 d6 9. a4 Be6 10. d3 Bg5 11. f4 exf4 12. Bxf4 Bxf4 13. Rxf4 Qg5 14. Qf1 Ne5 15. Bb3 Rac8 16. Qf2 c4 17. h4 Qd8 18. Bxc4 Nxc4 19. dxc4 Rxc4 20. b3 Rc5 21. c4 b6 22. Nc3 Qe7 23. Rd1 Bd7 24. Qd2 Qe5 25. Ne2 Bc6 26. Ng3 Rd8 27. Nf5 Rd7 28. Rg4 g6 29. Nxd6 Qe6 30. Rf4 Re5 31. Qd4 Bxe4 32. Rf2 Bc6 33. Rfd2 Re1+ 34. Rxe1 Qxe1+ 35. Kh2 Rxd6 36. Qxd6 Qxh4+ 37. Kg1 Qe1+ 38. Kh2 Qh4+ 39. Kg1 Qe1+ 40. Kh2 Qh4+ 1/2-1/2

[Event "POL-chT 1st League"]
[Site "Poronin"]
[Date "2012.09.??"]
[Round "4"]
[White "Szczechowicz, Bartosz"]
[Black "Jaroch, Karol"]
[Result "1-0"]
[WhiteElo "2291"]
[BlackElo "2238"]
[PlyCount "79"]
[EventDate "2012.09.01"]
[EventType "team-tourn"]
[EventRounds "9"]
[EventCountry "POL"]
[SourceTitle "EXT 2013"]
[Source "ChessBase"]
[SourceDate "2012.11.22"]
[SourceVersion "1"]
[SourceVersionDate "2012.11.22"]
[SourceQuality "1"]
[WhiteTeam "Krakow TKKF Drogowiec"]
[BlackTeam "Pawlowice GKS Pniowek 74"]
[WhiteTeamCountry "POL"]
[BlackTeamCountry "POL"]

1. d4 Nf6 2. c4 g6 3. Nc3 Bg7 4. e4 d6 5. Be2 0-0 6. Bg5 h6 7. Be3 c5 8. d5 b5 9. cxb5 Qa5 10. Qd2 a6 11. b6 Kh7 12. Nf3 Ng4 13. b7 Bxb7 14. Ng5+ hxg5 15. Bxg4 Qb4 16. h4 gxh4 17. Rxh4+ Kg8 18. a3 Bxc3 19. axb4 Bxb4 20. Qxb4 cxb4 21. Bd4 f5 22. exf5 Nd7 23. fxg6 Nf6 24. Be6+ Kg7 25. Rc1 Rh8 26. Rxh8 Rxh8 27. Rc7 Ba8 28. Rxe7+ Kxg6 29. Bf7+ Kf5 30. g4+ Kg5 31. f4+ Kxg4 32. Bxf6 Rh1+ 33. Kd2 Kxf4 34. Re8 Rh7 35. Be6 Bb7 36. Rh8 Rxh8 37. Bxh8 a5 38. Kd3 a4 39. Kc4 a3 40. b3 1-0

[Event "POL-chT1"]
[Site "Mrzezyno"]
[Date "2011.09.09"]
[Round "7"]
[White "Czerwonski, Aleksander"]
[Black "Szczechowicz, Bartosz"]
[Result "1-0"]
[WhiteElo "2377"]
[BlackElo "2279"]
[PlyCount "69"]
[EventDate "2011.09.03"]
[EventType "team-tourn"]
[EventRounds "9"]
[EventCountry "POL"]
[SourceTitle "CBM 144 Extra"]
[Source "ChessBase"]
[SourceDate "2011.10.28"]
[SourceVersion "1"]
[SourceVersionDate "2011.10.28"]
[SourceQuality "1"]
[WhiteTeam "Gorzow Wielkopolski Stilon"]
[BlackTeam "Krakow TKKF Drogowiec"]
[WhiteTeamCountry "POL"]
[BlackTeamCountry "POL"]

1. d4 Nf6 2. c4 e6 3. Nf3 Bb4+ 4. Nbd2 b6 5. a3 Bxd2+ 6. Qxd2 Bb7 7. e3 0-0 8. Bd3 d6 9. 0-0 Nbd7 10. Qc2 c5 11. b3 Rc8 12. Bb2 Qe7 13. Rad1 Rfd8 14. e4 cxd4 15. Nxd4 Nc5 16. Rfe1 Nh5 17. Bf1 Nf4 18. g3 Ng6 19. Bg2 a6 20. Qe2 e5 21. Nf5 Qc7 22. b4 Ne6 23. Rd2 Ne7 24. Ne3 Bc6 25. Nd5 Qb7 26. f4 f6 27. Bh3 Nf8 28. Bxc8 Nxc8 29. fxe5 fxe5 30. Qg4 Kh8 31. Rf1 Bd7 32. Qg5 Re8 33. Rf7 Ne6 34. Rdf2 Qc6 35. Qxg7+ 1-0

[Event "Krakow-A"]
[Site "Krakow"]
[Date "2010.06.30"]
[Round "8"]
[White "Wozniak, Maciej"]
[Black "Szczechowicz, Bartosz"]
[Result "0-1"]
[WhiteElo "2165"]
[BlackElo "2276"]
[PlyCount "62"]
[EventDate "2010.06.25"]
[EventType "tourn"]
[EventRounds "9"]
[EventCountry "POL"]
[SourceTitle "EXT 2013"]
[Source "ChessBase"]
[SourceDate "2012.11.22"]
[SourceVersion "1"]
[SourceVersionDate "2012.11.22"]
[SourceQuality "1"]

1. e4 c6 2. d4 d5 3. e5 Bf5 4. Nc3 e6 5. g4 Bg6 6. Nge2 c5 7. h4 h5 8. Nf4 cxd4 9. Nxg6 fxg6 10. Nb5 Qa5+ 11. Bd2 Qb6 12. a4 Nc6 13. a5 Qd8 14. Nxd4 Nxd4 15. Bg5 Be7 16. Bxe7 Nxe7 17. Qxd4 0-0 18. Bd3 Qe8 19. f4 Nc6 20. Qa4 Qf7 21. Rf1 hxg4 22. 0-0-0 Rac8 23. Rd2 Qe7 24. Rg2 Nb4 25. Bxg6 Rc4 26. Qa3 Rcxf4 27. Rxf4 Rxf4 28. c3 Qxh4 29. Re2 Rf1+ 30. Kd2 Qg5+ 31. Re3 Rf2+ 0-1

[Event "Krakow-A"]
[Site "Krakow"]
[Date "2010.06.29"]
[Round "7"]
[White "Szczechowicz, Bartosz"]
[Black "Swiech, Przemyslaw"]
[Result "0-1"]
[WhiteElo "2276"]
[BlackElo "2169"]
[PlyCount "72"]
[EventDate "2010.06.25"]
[EventType "tourn"]
[EventRounds "9"]
[EventCountry "POL"]
[SourceTitle "EXT 2013"]
[Source "ChessBase"]
[SourceDate "2012.11.22"]
[SourceVersion "1"]
[SourceVersionDate "2012.11.22"]
[SourceQuality "1"]

1. d4 Nf6 2. c4 c5 3. d5 e6 4. Nc3 exd5 5. cxd5 g6 6. e4 d6 7. h3 Bg7 8. Nf3 0-0 9. Bd3 Re8 10. 0-0 c4 11. Bc2 b5 12. a3 a6 13. Be3 Nbd7 14. Qd2 Ne5 15. Nd4 Bb7 16. Rae1 Rc8 17. f4 Ned7 18. Nf3 Nc5 19. Bd4 a5 20. e5 Nxd5 21. Nxb5 dxe5 22. fxe5 Nb3 23. Bxb3 cxb3 24. Nd6 Rc2 25. Nxb7 Qa8 26. Qxa5 Qxb7 27. Rc1 Bh6 28. Rcd1 Nf4 29. Bf2 Nxh3+ 30. gxh3 Qxf3 31. Rd8 Be3 32. Rxe8+ Kg7 33. Rg8+ Kh6 34. Qe1 Qg3+ 35. Kh1 Qxh3+ 36. Kg1 Bf4 0-1

[Event "Krakow-A"]
[Site "Krakow"]
[Date "2010.06.27"]
[Round "5"]
[White "Szczechowicz, Bartosz"]
[Black "Gosciniak, Maria"]
[Result "1-0"]
[WhiteElo "2276"]
[BlackElo "2133"]
[PlyCount "55"]
[EventDate "2010.06.25"]
[EventType "tourn"]
[EventRounds "9"]
[EventCountry "POL"]
[SourceTitle "EXT 2013"]
[Source "ChessBase"]
[SourceDate "2012.11.22"]
[SourceVersion "1"]
[SourceVersionDate "2012.11.22"]
[SourceQuality "1"]

1. d4 f5 2. g3 Nf6 3. Bg2 e6 4. Nh3 Be7 5. 0-0 0-0 6. c4 d6 7. Nc3 Qe8 8. b3 e5 9. Bb2 Nc6 10. Nb5 Bd8 11. dxe5 dxe5 12. Ba3 Rf7 13. Ng5 Rd7 14. Qc1 Be7 15. c5 a6 16. Qc4+ Kh8 17. Nf7+ Qxf7 18. Qxf7 axb5 19. Bxc6 bxc6 20. Qe6 Rxa3 21. Qxc6 b4 22. Qb5 Ra8 23. Rfd1 Rxd1+ 24. Rxd1 h6 25. Qxb4 Kh7 26. a4 Ba6 27. Qa5 c6 28. Qc7 1-0

[Event "Krakow-A"]
[Site "Krakow"]
[Date "2010.06.26"]
[Round "3"]
[White "Szczechowicz, Bartosz"]
[Black "Brzeski, Maciej"]
[Result "1/2-1/2"]
[WhiteElo "2276"]
[BlackElo "2336"]
[PlyCount "61"]
[EventDate "2010.06.25"]
[EventType "tourn"]
[EventRounds "9"]
[EventCountry "POL"]
[SourceTitle "EXT 2013"]
[Source "ChessBase"]
[SourceDate "2012.11.22"]
[SourceVersion "1"]
[SourceVersionDate "2012.11.22"]
[SourceQuality "1"]

1. d4 Nf6 2. c4 c5 3. d5 e6 4. Nc3 exd5 5. cxd5 d6 6. e4 g6 7. Bd3 Bg7 8. h3 0-0 9. Nf3 b5 10. Bxb5 Nxe4 11. Nxe4 Qa5+ 12. Nfd2 Qxb5 13. Nxd6 Qa6 14. N2c4 Nd7 15. 0-0 Nb6 16. Nxb6 Qxb6 17. Nxc8 Raxc8 18. Rb1 Rfd8 19. Bf4 Qb7 20. d6 Bf8 21. Qd3 Rc6 22. Rfd1 Bxd6 23. Bxd6 Qd7 24. Qa3 Rxd6 25. Rxd6 Qxd6 26. Qxa7 Re8 27. Qa3 Re2 28. Qc3 Qb6 29. Qc4 Rxb2 30. Rxb2 Qxb2 31. Qxc5 1/2-1/2

[Event "POL-chT 2nd League"]
[Site "Miedzyzdroje"]
[Date "2009.09.18"]
[Round "7"]
[White "Szczechowicz, Bartosz"]
[Black "Kempinski, Tomasz"]
[Result "1/2-1/2"]
[WhiteElo "2275"]
[BlackElo "2264"]
[PlyCount "52"]
[EventDate "2009.09.12"]
[EventType "team-swiss"]
[EventRounds "9"]
[EventCountry "POL"]
[SourceTitle "EXT 2019"]
[Source "ChessBase"]
[SourceDate "2018.10.10"]
[SourceVersion "1"]
[SourceVersionDate "2018.10.10"]
[SourceQuality "1"]
[WhiteTeam "Krakow TKKF Drogowiec"]
[BlackTeam "Gdanski Drapol Jantar Pruszcz"]
[WhiteTeamCountry "POL"]
[BlackTeamCountry "POL"]

1. d4 g6 2. e4 Bg7 3. Nf3 d6 4. Be2 Nd7 5. 0-0 e5 6. Nc3 Ne7 7. Be3 0-0 8. Bc4 Nb6 9. Bb3 Bg4 10. dxe5 dxe5 11. Qxd8 Raxd8 12. Nd2 Nc6 13. f3 Be6 14. Nb5 Rd7 15. c3 Rfd8 16. Rfd1 Nc8 17. Kf2 Bxb3 18. axb3 a6 19. Na3 Bf8 20. Ke2 Be7 21. Nac4 f6 22. Nf1 Rxd1 23. Rxd1 Rxd1 24. Kxd1 b5 25. Ncd2 Nd8 26. Kc2 Kf7 1/2-1/2

[Event "POL-chT 2nd League"]
[Site "Miedzyzdroje"]
[Date "2009.09.12"]
[Round "1"]
[White "Szczechowicz, Bartosz"]
[Black "Urbanski, Grzegorz"]
[Result "1/2-1/2"]
[WhiteElo "2275"]
[BlackElo "2207"]
[PlyCount "68"]
[EventDate "2009.09.12"]
[EventType "team-swiss"]
[EventRounds "9"]
[EventCountry "POL"]
[SourceTitle "EXT 2019"]
[Source "ChessBase"]
[SourceDate "2018.10.10"]
[SourceVersion "1"]
[SourceVersionDate "2018.10.10"]
[SourceQuality "1"]
[WhiteTeam "Krakow TKKF Drogowiec"]
[BlackTeam "Mikolow AKS"]
[WhiteTeamCountry "POL"]
[BlackTeamCountry "POL"]

1. d4 d5 2. c4 c6 3. Nf3 e6 4. e3 f5 5. Bd3 Nf6 6. 0-0 Bd6 7. b3 Qe7 8. a4 0-0 9. Ba3 Bxa3 10. Nxa3 a5 11. Nc2 Bd7 12. Qe1 Be8 13. b4 axb4 14. Qxb4 Qxb4 15. Nxb4 Ra5 16. Rfb1 Ne4 17. Nc2 Rf7 18. Ne5 Rc7 19. f3 Nd2 20. Rd1 Nxc4 21. Bxc4 dxc4 22. Nxc4 Ra7 23. a5 Kf8 24. N2a3 Ke7 25. Rac1 Nd7 26. Kf2 Nf6 27. h3 c5 28. g4 cxd4 29. Rxd4 fxg4 30. hxg4 Rxa5 31. Nxa5 Rxc1 32. Nxb7 Rc3 33. Nc4 Nd5 34. Nbd6 Bc6 1/2-1/2

[Event "POL-chT 2nd League"]
[Site "Ustron"]
[Date "2008.09.14"]
[Round "9.38"]
[White "Stuczynski, Andrzej"]
[Black "Szczechowicz, Bartosz"]
[Result "0-1"]
[WhiteElo "2253"]
[BlackElo "2270"]
[PlyCount "108"]
[EventDate "2008.09.06"]
[EventType "team-swiss"]
[EventRounds "9"]
[EventCountry "POL"]
[SourceTitle "EXT 2015"]
[Source "ChessBase"]
[SourceDate "2014.11.20"]
[SourceVersion "1"]
[SourceVersionDate "2014.11.20"]
[SourceQuality "1"]
[WhiteTeam "Torun AZS UMK"]
[BlackTeam "Krakow TKKF Drogowiec"]
[WhiteTeamCountry "POL"]
[BlackTeamCountry "POL"]

1. e4 c6 2. Nc3 d5 3. d4 dxe4 4. Nxe4 Bf5 5. Ng3 Bg6 6. h4 h6 7. Nf3 Nd7 8. h5 Bh7 9. Bd3 Bxd3 10. Qxd3 e6 11. Bf4 Qa5+ 12. Bd2 Qc7 13. 0-0-0 Ngf6 14. Ne4 0-0-0 15. g3 Nc5 16. Nxc5 Bxc5 17. Bf4 Bd6 18. Bxd6 Rxd6 19. Qa3 Kb8 20. Ne5 Rhd8 21. f4 Ne4 22. Qe3 f5 23. g4 c5 24. dxc5 Nxc5 25. Rxd6 Rxd6 26. g5 Rd8 27. gxh6 gxh6 28. Rg1 Qa5 29. Rd1 Ne4 30. Rxd8+ Qxd8 31. b3 Qh4 32. Nd7+ Kc8 33. Nc5 Qxh5 34. Nxe6 Qf7 35. Nd4 Qg6 36. Qd3 h5 37. Nf3 a6 38. Ne5 Qd6 39. Qc4+ Kb8 40. Qg8+ Ka7 41. Qg1+ Qb6 42. Qg7 h4 43. Nc4 Qf2 44. Qh6 Qd4 45. Kb1 Nc3+ 46. Kb2 Nd5+ 47. Kb1 Qxf4 48. Qe6 Qe4 49. Qd7 h3 50. Nd6 Qe1+ 51. Kb2 Qc3+ 52. Kb1 Qc6 53. Qxc6 bxc6 54. Nxf5 Nc3+ 0-1

[Event "POL-chT 2nd League"]
[Site "Ustron"]
[Date "2008.09.12"]
[Round "7.62"]
[White "Szczechowicz, Bartosz"]
[Black "Urbanski, Grzegorz"]
[Result "1/2-1/2"]
[WhiteElo "2270"]
[BlackElo "2158"]
[PlyCount "29"]
[EventDate "2008.09.06"]
[EventType "team-swiss"]
[EventRounds "9"]
[EventCountry "POL"]
[SourceTitle "EXT 2015"]
[Source "ChessBase"]
[SourceDate "2014.11.20"]
[SourceVersion "1"]
[SourceVersionDate "2014.11.20"]
[SourceQuality "1"]
[WhiteTeam "Krakow TKKF Drogowiec"]
[BlackTeam "Mikolow AKS"]
[WhiteTeamCountry "POL"]
[BlackTeamCountry "POL"]

1. d4 e6 2. c4 Nf6 3. Nf3 d5 4. Nc3 c6 5. e3 Nbd7 6. Qc2 Bd6 7. Bd3 Qe7 8. 0-0 0-0 9. e4 dxc4 10. Bxc4 e5 11. h3 exd4 12. Nxd4 Nb6 13. Be2 Re8 14. Bg5 h6 15. Bxf6 1/2-1/2

[Event "Krakow City-ch"]
[Site "Krakow"]
[Date "2008.03.15"]
[Round "9"]
[White "Wcislo, Damian"]
[Black "Szczechowicz, Bartosz"]
[Result "1/2-1/2"]
[WhiteElo "2127"]
[BlackElo "2257"]
[PlyCount "67"]
[EventDate "2008.01.19"]
[EventType "tourn"]
[EventRounds "9"]
[EventCountry "POL"]
[SourceTitle "EXT 2009"]
[Source "ChessBase"]
[SourceDate "2008.11.26"]
[SourceVersion "1"]
[SourceVersionDate "2008.11.26"]
[SourceQuality "1"]

1. d4 Nf6 2. c4 e6 3. Nf3 Bb4+ 4. Nbd2 b6 5. a3 Bxd2+ 6. Qxd2 Bb7 7. e3 0-0 8. Be2 d6 9. 0-0 c5 10. b4 Nbd7 11. Bb2 Qe7 12. Rfd1 Rfd8 13. dxc5 dxc5 14. Qc3 Nf8 15. Bd3 Ng6 16. Ng5 Rd7 17. Ne4 e5 18. Ng3 Rad8 19. f3 h5 20. Qc2 h4 21. Nf5 Qe6 22. e4 Nh5 23. Bf1 Qf6 24. Rxd7 Rxd7 25. Rd1 Bc8 26. Ne3 Qg5 27. Nd5 Nhf4 28. Nxf4 Nxf4 29. Rxd7 Bxd7 30. bxc5 bxc5 31. Bc1 Nh3+ 32. Kh1 Nf2+ 33. Kg1 Nh3+ 34. Kh1 1/2-1/2

[Event "POL-chT 2nd League"]
[Site "Wysowa"]
[Date "2007.09.10"]
[Round "8"]
[White "Szczechowicz, Bartosz"]
[Black "Gbyl, Andrzej"]
[Result "1-0"]
[WhiteElo "2260"]
[BlackElo "2219"]
[PlyCount "63"]
[EventDate "2007.09.03"]
[EventType "team-swiss"]
[EventRounds "9"]
[EventCountry "POL"]
[SourceTitle "EXT 2010"]
[Source "ChessBase"]
[SourceDate "2010.11.25"]
[SourceVersion "1"]
[SourceVersionDate "2010.11.25"]
[SourceQuality "1"]
[WhiteTeam "Krakow TKKF Drogowiec"]
[BlackTeam "Krakow KKSz 1893"]
[WhiteTeamCountry "POL"]
[BlackTeamCountry "POL"]

1. d4 d5 2. c4 c6 3. Nf3 Nf6 4. e3 e6 5. Nc3 Nbd7 6. Qc2 Bd6 7. Bd3 0-0 8. 0-0 e5 9. cxd5 cxd5 10. e4 dxe4 11. Nxe4 Nxe4 12. Bxe4 h6 13. Be3 exd4 14. Bh7+ Kh8 15. Bxd4 Nf6 16. Bf5 Bxf5 17. Qxf5 Qc8 18. Nh4 Be7 19. Rac1 Qxf5 20. Nxf5 Bd8 21. Rfe1 Kh7 22. Bc5 Re8 23. Nd6 Rxe1+ 24. Rxe1 b6 25. Bd4 Kg6 26. f4 Bc7 27. f5+ Kh7 28. Nxf7 Nd5 29. g4 Rf8 30. Ne5 h5 31. Ng6 Rf7 32. Re8 1-0

[Event "POL-chT 2nd League"]
[Site "Wysowa"]
[Date "2007.09.06"]
[Round "4"]
[White "Szczechowicz, Bartosz"]
[Black "Malczyk, Rafal"]
[Result "1-0"]
[WhiteElo "2260"]
[BlackElo "2113"]
[PlyCount "91"]
[EventDate "2007.09.03"]
[EventType "team-swiss"]
[EventRounds "9"]
[EventCountry "POL"]
[SourceTitle "EXT 2010"]
[Source "ChessBase"]
[SourceDate "2010.11.25"]
[SourceVersion "1"]
[SourceVersionDate "2010.11.25"]
[SourceQuality "1"]
[WhiteTeam "Krakow TKKF Drogowiec"]
[BlackTeam "Olsztyn AZS UMW"]
[WhiteTeamCountry "POL"]
[BlackTeamCountry "POL"]

1. d4 Nf6 2. c4 g6 3. Nc3 Bg7 4. e4 d6 5. Be2 0-0 6. Bg5 c5 7. d5 e6 8. Qd2 exd5 9. exd5 Re8 10. Nf3 a6 11. 0-0 Bg4 12. a4 Nbd7 13. h3 Bxf3 14. Bxf3 Qa5 15. Qc2 Kh8 16. Bd2 Qc7 17. Rae1 h6 18. b3 Ng8 19. g4 Rf8 20. Ne2 Qd8 21. Bg2 h5 22. gxh5 gxh5 23. Qf5 Ndf6 24. Bc3 Qd7 25. Qf4 Ne8 26. Bxg7+ Nxg7 27. Ng3 f5 28. Bf3 Rf6 29. Bxh5 Rh6 30. Bf3 b5 31. Re6 Rxh3 32. Kg2 Rh7 33. Rxd6 Qe7 34. Rh1 Rxh1 35. Kxh1 bxa4 36. Rh6+ Nxh6 37. Qxh6+ Kg8 38. d6 Qe1+ 39. Kg2 Ra7 40. Bd5+ Rf7 41. d7 Qe7 42. Bxf7+ Kxf7 43. Qxg7+ Kxg7 44. Nxf5+ Kf6 45. Nxe7 Kxe7 46. bxa4 1-0

[Event "POL-chT 2nd League"]
[Site "Lublin"]
[Date "2006.09.10"]
[Round "9.4"]
[White "Szczechowicz, Bartosz"]
[Black "Krzesaj, Robert"]
[Result "0-1"]
[WhiteElo "2254"]
[BlackElo "2275"]
[PlyCount "98"]
[EventDate "2006.09.02"]
[EventType "team-swiss"]
[EventRounds "9"]
[EventCountry "POL"]
[SourceTitle "EXT 2019"]
[Source "ChessBase"]
[SourceDate "2018.10.10"]
[SourceVersion "1"]
[SourceVersionDate "2018.10.10"]
[SourceQuality "1"]
[WhiteTeam "Krakow TKKF Drogowiec"]
[BlackTeam "Wroclaw Polonia"]
[WhiteTeamCountry "POL"]
[BlackTeamCountry "POL"]

1. d4 d5 2. c4 c6 3. Nf3 Nf6 4. Qc2 g6 5. Bf4 dxc4 6. Qxc4 Bg7 7. e3 0-0 8. Be2 Be6 9. Qc1 Bd5 10. 0-0 Nbd7 11. Nc3 Bxf3 12. Bxf3 Re8 13. Rd1 Qa5 14. b4 Qb6 15. Rb1 e5 16. dxe5 Nxe5 17. Bxe5 Rxe5 18. Na4 Qc7 19. Nc5 Rc8 20. Qc4 Nd5 21. Nd3 Nb6 22. Qc2 Re7 23. Rbc1 Nd7 24. Bg4 h5 25. Bxd7 Rxd7 26. Nc5 Rxd1+ 27. Rxd1 Rd8 28. Rxd8+ Qxd8 29. g3 b6 30. Nb3 Qd6 31. Qc4 Bf8 32. a3 Bg7 33. a4 b5 34. axb5 cxb5 35. Qc8+ Bf8 36. Nc5 a5 37. Nd7 axb4 38. Nxf8 Qxf8 39. Qc6 Qg7 40. Qe8+ Kh7 41. Qxb5 Qc3 42. Qb7 Kg7 43. e4 b3 44. e5 Qa1+ 45. Kg2 b2 46. e6 b1Q 47. Qxf7+ Kh8 48. e7 Qf1+ 49. Kf3 Qc3+ 0-1

[Event "POL-chT 2nd League"]
[Site "Lublin"]
[Date "2006.09.05"]
[Round "4.16"]
[White "Szczechowicz, Bartosz"]
[Black "Janocha, Wieslaw Adam"]
[Result "1/2-1/2"]
[WhiteElo "2254"]
[BlackElo "2282"]
[PlyCount "116"]
[EventDate "2006.09.02"]
[EventType "team-swiss"]
[EventRounds "9"]
[EventCountry "POL"]
[SourceTitle "EXT 2019"]
[Source "ChessBase"]
[SourceDate "2018.10.10"]
[SourceVersion "1"]
[SourceVersionDate "2018.10.10"]
[SourceQuality "1"]
[WhiteTeam "Krakow TKKF Drogowiec"]
[BlackTeam "Legnica Miedz"]
[WhiteTeamCountry "POL"]
[BlackTeamCountry "POL"]

1. d4 d5 2. c4 c6 3. Nf3 Nf6 4. e3 a6 5. Qc2 b5 6. b3 g6 7. Bd3 Bg7 8. 0-0 0-0 9. Nbd2 Nbd7 10. e4 bxc4 11. bxc4 dxe4 12. Nxe4 c5 13. Bb2 Rb8 14. Rad1 Nxe4 15. Bxe4 Qc7 16. Bc3 cxd4 17. Bxd4 Nc5 18. Bxg7 Kxg7 19. h3 f6 20. Nd4 Bd7 21. Nb3 Nxe4 22. Qxe4 Bf5 23. Qe2 e5 24. c5 a5 25. Qc4 Rb4 26. Qc3 Rfb8 27. Rd6 a4 28. Nd2 R4b5 29. Rc1 Rc8 30. g4 Qe7 31. Qe3 Rbxc5 32. Rxc5 Qxd6 33. Ra5 Rc1+ 34. Kh2 Bd7 35. Ra7 Rc7 36. Ne4 Qc6 37. g5 fxg5 38. Qxg5 Bf5 39. Rxc7+ Qxc7 40. Qf6+ Kg8 41. Nd6 Qg7 42. Qd8+ Qf8 43. Qc7 Be6 44. Kg2 Bxa2 45. Ne4 Bd5 46. Qxe5 Bxe4+ 47. Qxe4 a3 48. Qd5+ Kg7 49. Qd4+ Kf7 50. Qd5+ Ke7 51. Qb7+ Kf6 52. Qc6+ Kg5 53. Qc1+ Kh5 54. Qd1+ Kh6 55. Qc1+ g5 56. Qc6+ Kh5 57. Qe4 Qg7 58. Qf3+ Kh6 1/2-1/2

[Event "POL-chT 2nd League"]
[Site "Wysowa"]
[Date "2005.09.04"]
[Round "9.20"]
[White "Sygulski, Boguslaw"]
[Black "Szczechowicz, Bartosz"]
[Result "1/2-1/2"]
[WhiteElo "2277"]
[BlackElo "2264"]
[PlyCount "55"]
[EventDate "2005.08.27"]
[EventType "team-swiss"]
[EventRounds "9"]
[EventCountry "POL"]
[SourceTitle "EXT 2019"]
[Source "ChessBase"]
[SourceDate "2018.10.10"]
[SourceVersion "1"]
[SourceVersionDate "2018.10.10"]
[SourceQuality "1"]
[WhiteTeam "Rolnik Roza"]
[BlackTeam "Krakow TKKF Drogowiec"]
[WhiteTeamCountry "POL"]
[BlackTeamCountry "POL"]

1. e4 c6 2. d4 d5 3. exd5 cxd5 4. c4 Nf6 5. Nc3 e6 6. Nf3 Bb4 7. cxd5 exd5 8. Bd3 0-0 9. 0-0 Bg4 10. Bg5 Be7 11. h3 Be6 12. Qd2 Nc6 13. Rad1 Re8 14. Rfe1 h6 15. Bh4 Nh7 16. Bxe7 Rxe7 17. Bxh7+ Kxh7 18. Ne5 Rc8 19. Re3 g6 20. Rde1 Nxe5 21. Rxe5 Rd7 22. Qf4 Kg7 23. a3 Rc4 24. Qd2 Qb6 25. Rd1 Qc6 26. g4 b5 27. Re3 Rc7 28. Rc1 1/2-1/2

[Event "POL-chT 2nd League"]
[Site "Wysowa"]
[Date "2005.09.02"]
[Round "7.20"]
[White "Stachowiak, Kamil"]
[Black "Szczechowicz, Bartosz"]
[Result "1/2-1/2"]
[WhiteElo "2287"]
[BlackElo "2264"]
[PlyCount "51"]
[EventDate "2005.08.27"]
[EventType "team-swiss"]
[EventRounds "9"]
[EventCountry "POL"]
[SourceTitle "EXT 2019"]
[Source "ChessBase"]
[SourceDate "2018.10.10"]
[SourceVersion "1"]
[SourceVersionDate "2018.10.10"]
[SourceQuality "1"]
[WhiteTeam "Wroclaw MUKS MDK Srodmiescie"]
[BlackTeam "Krakow TKKF Drogowiec"]
[WhiteTeamCountry "POL"]
[BlackTeamCountry "POL"]

1. d4 Nf6 2. c4 e6 3. Nc3 Bb4 4. a3 Bxc3+ 5. bxc3 c5 6. e3 d6 7. Bd3 e5 8. e4 Nc6 9. Ne2 Nh5 10. 0-0 0-0 11. d5 Ne7 12. f3 h6 13. g3 g5 14. h4 f6 15. Kf2 Qe8 16. Be3 Qg6 17. Ke1 f5 18. hxg5 hxg5 19. Kd2 fxe4 20. Bxe4 Qg7 21. Kc2 Bf5 22. Qd2 Qg6 23. Bxf5 Nxf5 24. Kb2 Nxe3 25. Qxe3 Rab8 26. Qd2 1/2-1/2

[Event "POL-chT 2nd League"]
[Site "Wysowa"]
[Date "2005.09.01"]
[Round "6.20"]
[White "Szczechowicz, Bartosz"]
[Black "Mickiewicz, Piotr"]
[Result "0-1"]
[WhiteElo "2264"]
[BlackElo "2308"]
[PlyCount "98"]
[EventDate "2005.08.27"]
[EventType "team-swiss"]
[EventRounds "9"]
[EventCountry "POL"]
[SourceTitle "EXT 2019"]
[Source "ChessBase"]
[SourceDate "2018.10.10"]
[SourceVersion "1"]
[SourceVersionDate "2018.10.10"]
[SourceQuality "1"]
[WhiteTeam "Krakow TKKF Drogowiec"]
[BlackTeam "Koszalin Hetman Politechnika"]
[WhiteTeamCountry "POL"]
[BlackTeamCountry "POL"]

1. d4 Nf6 2. c4 c5 3. d5 e6 4. Nc3 exd5 5. cxd5 d6 6. e4 g6 7. Bd3 Bg7 8. h3 0-0 9. Nf3 a6 10. a4 Nh5 11. 0-0 Nd7 12. Bg5 Bf6 13. Bh6 Bg7 14. Bg5 Bf6 15. Bh6 Re8 16. Qd2 Ne5 17. Be2 Bd7 18. a5 b5 19. axb6 Qxb6 20. Ra2 Qb4 21. Nxe5 Bxe5 22. Rfa1 Nf6 23. Bf3 a5 24. Qc2 Reb8 25. Bd2 Qb6 26. Nd1 a4 27. Bc3 Qb3 28. Qc1 Bxc3 29. Nxc3 Rb4 30. Bd1 Qc4 31. b3 Qd4 32. Rd2 Qe5 33. bxa4 Rc4 34. Rc2 Nxe4 35. Nxe4 Rxe4 36. Bf3 Rexa4 37. Rxa4 Rxa4 38. Rb2 Kg7 39. Rb1 Bf5 40. Rb2 c4 41. g4 Bd3 42. Kg2 Ra3 43. h4 Rb3 44. Rxb3 cxb3 45. h5 gxh5 46. gxh5 b2 47. h6+ Kf6 48. Qc8 Kg6 49. Bg4 b1Q 0-1